Cómo leer música
Guardado en:
| Autor principal: | |
|---|---|
| Otros Autores: | |
| Formato: | Libro |
| Lenguaje: | español |
| Publicado: |
Barcelona
Robinbook
2002
|
| Materias: | |
| Etiquetas: |
Agregar Etiqueta
Sin Etiquetas, Sea el primero en etiquetar este registro!
|
MARC
| LEADER | 00000nam a2200000 a 4500 | ||
|---|---|---|---|
| 001 | UCK7906 | ||
| 003 | CL-VaPUC | ||
| 008 | 051230e20020000SP |||||||||||||||||spa|d | ||
| 020 | |a 8479275847 | ||
| 082 | 0 | 4 | |a 781.423 |b BAX |2 21 |
| 100 | |a Baxter, Harry |e autor |9 497603 | ||
| 700 | |a Baxter, Michael |e autor |9 497604 | ||
| 245 | 1 | 0 | |a Cómo leer música |
| 300 | |a 251 p | ||
| 942 | |c BK | ||
| 945 | |d 20051230 00:00:00 |a cmena | ||
| 260 | |a Barcelona |b Robinbook |c 2002 | ||
| 650 | 0 | |a Lectura musical |9 456565 | |
| 650 | 0 | |a Composición musical |9 306660 | |
| 650 | 0 | |a Estudio e instrucción |9 306288 | |
| 650 | 0 | |a Partituras |9 324008 | |
| 650 | 0 | |a Métodos de enseñanza |9 270413 | |
| 583 | |a last modification |c 20051230 00:00:00 |k Rodrigo Vera | ||
| 999 | |c 315742 |d 315740 | ||
| 952 | |0 0 |1 0 |4 0 |6 781_423000000000000_BAX_2002 |7 0 |8 A |9 389411 |a BIBMUS |b BIBEDU |d 2019-11-22 |i 4195973 |l 3 |m 3 |o 781.423 BAX 2002 |p 4195973 |r 2024-09-03 |s 2023-04-24 |w 2019-11-22 |y BK |k MUS | ||